Hiato, Diptongo o Triptongo? - Estadísticas

Estadísticas generales
  • Esta prueba ha sido intentada 154 veces
  • La puntuación promedio es 10 de 15
Estadísticas de respuestas
Pregunta Respuesta % Correcto
Muerte Diptongo
87%
Afeitar Diptongo
80%
País Hiato
80%
Maíz Hiato
80%
Acariciéis Triptongo
80%
Neurona Diptongo
73%
Caída Hiato
73%
Vehículo Hiato
67%
Bioinformática Triptongo
67%
Murciélago Diptongo
60%
Colación Diptongo
60%
Miau Triptongo
60%
Contribución Diptongo
53%
Cereal Hiato
53%
Uruguay Triptongo
53%
No se encontraron pruebas coincidentes
Distribución de puntuación
Porcentaje de gente con cada puntuación
Porcentaje por número respondido
Historial de tus puntuaciones
No has intentado esta prueba.